|
|
|
|
| LEADER |
01268nam a22003137a 4500 |
| 001 |
36105 |
| 003 |
BD-DhAAL |
| 005 |
20211124131355.0 |
| 008 |
190925r20182012ii a|||| |||| 001 0 eng d |
| 999 |
|
|
|c 41335
|d 41335
|
| 020 |
|
|
|a 9788122432732
|
| 040 |
|
|
|a BD-DhAAL
|
| 082 |
|
|
|2 22
|a 615.19
|
| 100 |
|
|
|a Kar, Ashutosh
|9 35362
|
| 245 |
|
|
|a Pharmaceutical drug analysis /
|c Ashutosh Kar
|
| 250 |
|
|
|a Third revised edition
|
| 260 |
|
|
|a India :
|b New Age International Pvt. Ltd.,
|c 2012 [reprint 2018]
|
| 300 |
|
|
|a xxix, 667 pages :
|b illustrations ;
|c 27 cm.
|
| 500 |
|
|
|a Includes indexes.
|
| 526 |
|
|
|a PHR
|
| 541 |
|
|
|a STS International
|e 36105, 36106
|
| 650 |
|
|
|a Drugs
|x Analysis.
|9 35363
|
| 650 |
|
|
|a Drugs
|x Testing.
|9 35364
|
| 650 |
|
|
|a Pharmaceutical chemistry.
|9 35365
|
| 650 |
|
|
|a Pharmacy.
|9 43093
|
| 852 |
|
|
|a Ayesha Abed Library
|c General Stacks
|
| 942 |
|
|
|2 ddc
|c BK
|
| 952 |
|
|
|0 0
|1 0
|2 ddc
|4 0
|6 615_190000000000000_KAR
|7 0
|9 66433
|a BRACUL
|b BRACUL
|c GEN
|d 2019-09-19
|e STS International
|g 790.00
|l 2
|m 15
|o 615.19 KAR
|p 3010036105
|r 2026-01-18
|s 2025-10-19
|t 1
|v 790.00
|w 2019-09-19
|y BK
|
| 952 |
|
|
|0 0
|1 0
|2 ddc
|4 0
|6 615_190000000000000_KAR
|7 0
|9 66434
|a BRACUL
|b BRACUL
|c GEN
|d 2019-09-19
|e STS International
|g 790.00
|l 0
|o 615.19 KAR
|p 3010036106
|r 2019-09-19
|t 2
|v 790.00
|w 2019-09-19
|y BK
|